000
00208 a2200097 4500
001
9152
100
_a
Greenbank, A.
245
_a
Instructions in rock climbing
260
_a
_b
Museum
_c
090
_c
7329
_d
7329
942
_a
NUST-CAE
_c
M
_c
33966
999
_c
244225
_d
244225